Enciclopedia: Fechas cívicas y festividades populares del Ecuador. (Registro nro. 2037)
[ vista simple ]
| 000 -LEADER | |
|---|---|
| fixed length control field | 01996nam a22002057a 4500 |
| 003 - CONTROL NUMBER IDENTIFIER | |
| control field | OSt |
| 005 - DATE AND TIME OF LATEST TRANSACTION | |
| control field | 20260401102359.0 |
| 008 - FIXED-LENGTH DATA ELEMENTS--GENERAL INFORMATION | |
| fixed length control field | 260401b |||||||| |||| 00| 0 SPA d |
| 082 ## - DEWEY DECIMAL CLASSIFICATION NUMBER | |
| Edition number | 9978-32-230-2 |
| 100 ## - MAIN ENTRY--PERSONAL NAME | |
| Personal name | Segundo Marco Tipán Umatambo |
| 245 ## - TITLE STATEMENT | |
| Title | Enciclopedia: Fechas cívicas y festividades populares del Ecuador. |
| 250 ## - EDITION STATEMENT | |
| Edition statement | 3ra edición |
| 260 ## - PUBLICATION, DISTRIBUTION, ETC. | |
| Place of publication, distribution, etc. | Madrid/Ecuador |
| Name of publisher, distributor, etc. | Cultural S.A |
| Date of publication, distribution, etc. | 2007 y 2009 |
| 300 ## - PHYSICAL DESCRIPTION | |
| Other physical details | 400 a 500 páginas |
| Dimensions | 21 x 28 cm |
| Accompanying material | Contenido Visual,Apéndices |
| 490 ## - SERIES STATEMENT | |
| Materials specified | Rústica o tapa dura |
| 520 ## - SUMMARY, ETC. | |
| Summary, etc. | Esta enciclopedia es una obra de referencia diseñada principalmente para el ámbito educativo y cultural del Ecuador. Su contenido se organiza en dos grandes ejes:<br/>1. Fechas Cívicas (Efemérides)<br/>El libro recorre el calendario republicano del Ecuador, detallando los hitos históricos que dieron forma a la nación:<br/>Independencias: Relatos sobre el 10 de Agosto, la Batalla del Pichincha y las independencias locales (Guayaquil, Cuenca, etc.).<br/>Símbolos Patrios: Historia y significado del Himno, el Escudo y la Bandera Nacional.<br/>Personajes Históricos: Biografías de próceres, presidentes y figuras relevantes en la política y educación.<br/>Institucionalidad: Creación de provincias, cantones y organismos del Estado.<br/>2. Festividades Populares y Tradiciones<br/>Analiza la identidad cultural a través de las celebraciones que mezclan lo religioso con lo ancestral:<br/>Fiestas Mayores: La Mama Negra (Latacunga), el Inti Raymi (Andes), el Carnaval de Guaranda y la Diablada Pillareña.<br/>Folclore y Costumbres: Descripción de danzas, vestimentas típicas y la gastronomía asociada a cada celebración.<br/>Calendario Religioso: Procesiones y ritos como la Semana Santa o el Pase del Niño. |
| 650 ## - SUBJECT ADDED ENTRY--TOPICAL TERM | |
| Topical term or geographic name entry element | Ecuador — Historia — Diccionarios y enciclopedias. |
| General subdivision | Fechas cívicas — Costumbres y tradiciones — Fiestas populares. Subdivisión geográfica: Ecuador. |
| Chronological subdivision | Siglo XXI |
| Geographic subdivision | ECUADOR |
| 700 ## - ADDED ENTRY--PERSONAL NAME | |
| Personal name | Segundo Marco Tipán Umatambo. |
| 942 ## - ADDED ENTRY ELEMENTS (KOHA) | |
| Source of classification or shelving scheme | Dewey Decimal Classification |
| Koha item type | Acceso Libre |
| Suppress in OPAC | No |
| Withdrawn status | Lost status | Source of classification or shelving scheme | Damaged status | Not for loan | Home library | Current library | Shelving location | Date acquired | Source of acquisition | Coded location qualifier | Inventory number | Total checkouts | Full call number | Barcode | Date last seen | Copy number | Price effective from | Koha item type |
|---|---|---|---|---|---|---|---|---|---|---|---|---|---|---|---|---|---|---|
| Dewey Decimal Classification | Biblioteca Stanford | Biblioteca Stanford | Biblioteca Abierta | 01.04.2026 | LECTURA | 0461 | 0461 | 0461 | BIBLIO0461 | 01.04.2026 | 1 | 01.04.2026 | Acceso Libre |